| 000 | 00346nam a22001217a 4500 | ||
|---|---|---|---|
| 082 |
_a297.122521 _bMOD |
||
| 100 | _aSyed Abu Al Aala Modoudi | ||
| 245 |
_aTafheem ul Quran Surah Luqman to Surah Alahqaf Vol-4 _cSyed Abu Al Aala Modoudi |
||
| 260 |
_aLahore _bServices Book Club _c1988 |
||
| 300 | _a708p | ||
| 563 | _aHB | ||
| 942 |
_2ddc _cBK |
||
| 999 |
_c592042 _d592042 |
||